000 01143nam a22002417a 4500
005 20120112143825.0
008 120112t xxu||||| |||| 00| 0 mar d
010 _aMAR-21840
020 _a9788174344397
_c200.00
035 _aMR-14498
037 _bDBAD/PUB
040 _aDPL
_bMR
082 _a324.954
100 _aसरवटे,दिलीप
_939079
245 _aनिवडणूक जिंकण्यासाठी सर्वकाही /
_bदिलीप सरवटे तथा उदय निरगुडकर
246 _aNivadanook Jinkanyasathi Sarv Kahi
_bby Dilip Sarwate and Uday Nirgudkar
260 _aपुणे
_bराजहंस प्रकाशन
_c2009
270 _a1025,सदाशिव पेठ,
_bपुणे
_e411030
300 _a182पृ.
_c21सेमी(अजिल्द)
_bसचित्र
700 _aनिरगुडकर,उदय
_939121
942 _2ddc
_cMR
_h324.954
_mसरव
999 _c60819
_d60819